Handbook of empirical social work practice /
The last two decades in social work have seen tremendous strides in field research, from the development of improved research designs to more accurate methods of problem measurement and outcome analysis. Drawing upon these significant advances, this two-volume handbook brings together empirically va...
Saved in:
| Other Authors: | , |
|---|---|
| Format: | Book |
| Language: | English |
| Published: |
New York :
J. Wiley,
c1998.
|
| Subjects: | |
| Tags: |
Add Tag
No Tags, Be the first to tag this record!
|
| LEADER | 01688pam a2200373 a 4500 | ||
|---|---|---|---|
| 001 | 007745497-9 | ||
| 005 | 20020606104010.5 | ||
| 008 | 970418s1998 nyu b 001 0 eng | ||
| 010 | |a 97015312 | ||
| 020 | |a 047115363X (set : alk. paper) | ||
| 020 | |a 0471153613 (cloth : alk. paper) | ||
| 035 | 0 | |a ocm36824744 | |
| 040 | |a DLC |c DLC |d DLC | ||
| 050 | 0 | 0 | |a HV43 |b .H316 1998 |
| 060 | 0 | 0 | |a 2004 M-145 |
| 060 | 1 | 0 | |a HV 43 |b H236 1998 |
| 082 | 0 | 0 | |a 361.3/2 |2 21 |
| 245 | 0 | 0 | |a Handbook of empirical social work practice / |c edited by Bruce A. Thyer and John S. Wodarski. |
| 246 | 3 | 0 | |a Empirical Social Work Practice |
| 260 | |a New York : |b J. Wiley, |c c1998. | ||
| 300 | |a 2 v. ; |c 26 cm. | ||
| 504 | |a Includes bibliographical references and indexes. | ||
| 505 | 0 | |a v. 1. Mental disorders -- v. 2. Social problems and practice issues. | |
| 520 | |a The last two decades in social work have seen tremendous strides in field research, from the development of improved research designs to more accurate methods of problem measurement and outcome analysis. Drawing upon these significant advances, this two-volume handbook brings together empirically validated interventions for many of the psychosocial problems most frequently encountered by social workers in their daily practice. | ||
| 650 | 0 | |a Social case work. | |
| 650 | 0 | |a Psychiatric social work. | |
| 650 | 1 | 2 | |a Social Work. |
| 650 | 2 | 2 | |a Mental Disorders |x therapy. |
| 650 | 2 | 2 | |a Social Work, Psychiatric. |
| 700 | 1 | |a Thyer, Bruce A. | |
| 700 | 1 | |a Wodarski, John S. | |
| 776 | 0 | 8 | |i Online version: |t Handbook of empirical social work practice. |d New York : J. Wiley, ©1998 |w (OCoLC)605149668 |
| 988 | |a 20020608 | ||
| 906 | |0 DLC | ||


